Score 0/20 Timer 03:00
0 Plays Today
Distance Country % Correct
0 kmIraq
97.5%
182 kmIran
96.8%
0 kmIsrael
96%
0 kmTurkey
95.4%
0 kmJordan
92.2%
91 kmSaudi Arabia
92.1%
0 kmLebanon
89.2%
205 kmEgypt
88.3%
678 kmGreece
82.4%
35 kmPalestine
82%
Distance Country % Correct
602 kmRussia
80.6%
765 kmKuwait
78.7%
439 kmGeorgia
78.6%
340 kmArmenia
76.8%
102 kmCyprus
76.5%
335 kmAzerbaijan
74.9%
937 kmBulgaria
61.6%
957 kmTurkmenistan
54.1%
180 kmUnited Kingdom (Akrotiri and Dhekelia)
52.5%
873 kmUkraine
49.9%

You're not logged in!

Compare scores with friends on all Sporcle quizzes.
OR
Log In

Sporcle TV

Today on Sporcle TV


Watch our educational content, quiz creation guides, and fun videos on Sporcle TV.

Show Comments

Extras

Top Quizzes Today


Score Distribution

Paid Content

Your Account Isn't Verified!

In order to create a playlist on Sporcle, you need to verify the email address you used during registration. Go to your Sporcle Settings to finish the process.

Report this User

Report this user for behavior that violates our Community Guidelines.

Details: